Statystyki dla 🇵🇱Dzielnice Krakowa🇵🇱

Kliknij tutaj aby rozwiązać quiz!

Ogólne statystyki

  • Ten quiz został rozwiązany 72 razy
  • Średni wynik to 12 z 18

Odpowiedzi na mapie

Odpowiedzi skodowane kolorowo w zielono-czerwonej skali na mapie do tego quizu, zgodnie z poniższymi procentami.
 

Statystyki odpowiedzi

Odpowiedź% Poprawnych
Stare Miasto
92%
Nowa Huta
89%
Bronowice
85%
Prądnik Biały
77%
Prądnik Czerwony
77%
Krowodrza
75%
Podgórze
75%
Bieżanów
72%
Zwierzyniec
68%
Mistrzejowice
64%
Czyżyny
62%
Dębniki
62%
Grzegórzki
60%
Bieńczyce
51%
Podgórze Duchackie
51%
Swoszowice
51%
Łagiewniki-Borek Fałęcki
38%
Wzgórza Krzeszławickie
17%

Rozkład punktacji

Percentyl według liczby udzielonych odpowiedzi

Procent ludzi z każdym wynikiem

Twoja historia wyników

Nie rozwiązałeś tego quizu